NBA Players with 10 Blocks in a Game - Statistics

General Stats
  • This quiz has been taken 53 times
  • The average score is 102 of 162
Answer Stats
Team Year Blocks Player % Correct
Lakers 1975 11 Kareem Abdul-Jabbar
91%
Lakers 1978 11 Kareem Abdul-Jabbar
91%
Lakers 1979 11 Kareem Abdul-Jabbar
91%
Bucks 1973 10 Kareem Abdul-Jabbar
91%
Lakers 1975 10 Kareem Abdul-Jabbar
91%
Lakers 1980 10 Kareem Abdul-Jabbar
91%
Lakers 1982 10 Kareem Abdul-Jabbar
91%
Rockets 1987 12 Hakeem Olajuwon
89%
Rockets 1989 12 Hakeem Olajuwon
89%
Rockets 1986 11 Hakeem Olajuwon
89%
Rockets 1990 11 Hakeem Olajuwon
89%
Rockets 1990 11 Hakeem Olajuwon
89%
Rockets 1990 11 Hakeem Olajuwon
89%
Rockets 1988 10 Hakeem Olajuwon
89%
Rockets 1989 10 Hakeem Olajuwon
89%
Rockets 1990 10 Hakeem Olajuwon
89%
Rockets 1993 10 Hakeem Olajuwon
89%
Rockets 1995 10 Hakeem Olajuwon
89%
Rockets 1996 10 Hakeem Olajuwon
89%
Magic 1993 15 Shaquille O'Neal
89%
Spurs 2024 10 Victor Wembanyama
89%
Spurs 1990 12 David Robinson
86%
Spurs 1990 11 David Robinson
86%
Spurs 1990 11 David Robinson
86%
Spurs 1991 11 David Robinson
86%
Spurs 1992 11 David Robinson
86%
Spurs 1990 10 David Robinson
86%
Spurs 1991 10 David Robinson
86%
Spurs 1992 10 David Robinson
86%
Spurs 1993 10 David Robinson
86%
Spurs 1994 10 David Robinson
86%
Nuggets 1993 12 Dikembe Mutombo
83%
Nuggets 1993 11 Dikembe Mutombo
83%
Nuggets 1994 11 Dikembe Mutombo
83%
Nuggets 1994 11 Dikembe Mutombo
83%
Nuggets 1994 11 Dikembe Mutombo
83%
Hawks 2000 11 Dikembe Mutombo
83%
Nuggets 1992 10 Dikembe Mutombo
83%
Nuggets 1993 10 Dikembe Mutombo
83%
Nuggets 1993 10 Dikembe Mutombo
83%
Nuggets 1995 10 Dikembe Mutombo
83%
Nuggets 1995 10 Dikembe Mutombo
83%
76ers 2001 10 Dikembe Mutombo
83%
Knicks 2004 10 Dikembe Mutombo
83%
Pistons 2002 10 Ben Wallace
80%
Pistons 2002 10 Ben Wallace
80%
Bullets 1986 15 Manute Bol
77%
Bullets 1987 15 Manute Bol
77%
Warriors 1990 13 Manute Bol
77%
Bullets 1985 12 Manute Bol
77%
Bullets 1987 12 Manute Bol
77%
Bullets 1987 12 Manute Bol
77%
Warriors 1989 12 Manute Bol
77%
Warriors 1989 11 Manute Bol
77%
Bullets 1986 10 Manute Bol
77%
Bullets 1986 10 Manute Bol
77%
Bullets 1986 10 Manute Bol
77%
Bullets 1988 10 Manute Bol
77%
Warriors 1988 10 Manute Bol
77%
Warriors 1988 10 Manute Bol
77%
Warriors 1989 10 Manute Bol
77%
Warriors 1989 10 Manute Bol
77%
Warriors 1990 10 Manute Bol
77%
76ers 1991 10 Manute Bol
77%
Magic 2008 10 Dwight Howard
71%
Pacers 2003 10 Jermaine O'Neal
71%
Heat 2015 12 Hassan Whiteside
69%
Heat 2016 11 Hassan Whiteside
69%
Heat 2015 10 Hassan Whiteside
69%
Heat 2016 10 Hassan Whiteside
69%
Trail Blazers 2019 10 Hassan Whiteside
69%
Jazz 1985 14 Mark Eaton
69%
Jazz 1989 14 Mark Eaton
69%
Jazz 1983 13 Mark Eaton
69%
Jazz 1983 12 Mark Eaton
69%
Jazz 1984 12 Mark Eaton
69%
Jazz 1985 12 Mark Eaton
69%
Jazz 1986 12 Mark Eaton
69%
Jazz 1985 11 Mark Eaton
69%
Jazz 1987 11 Mark Eaton
69%
Jazz 1988 11 Mark Eaton
69%
Jazz 1989 11 Mark Eaton
69%
Utah Jazz 1983 10 Mark Eaton
69%
Utah Jazz 1984 10 Mark Eaton
69%
Utah Jazz 1984 10 Mark Eaton
69%
Utah Jazz 1984 10 Mark Eaton
69%
Utah Jazz 1985 10 Mark Eaton
69%
Utah Jazz 1985 10 Mark Eaton
69%
Utah Jazz 1985 10 Mark Eaton
69%
Jazz 1986 10 Mark Eaton
69%
Thunder 2012 11 Serge Ibaka
69%
Thunder 2012 10 Serge Ibaka
69%
Thuder 2012 10 Serge Ibaka
69%
Pelicans 2018 10 Anthony Davis
63%
Hawks 2021 10 Clint Capela
60%
Bullets 1978 11 Elvin Hayes
60%
Bulls 1977 11 Artis Gilmore
57%
Spurs 1985 10 Artis Gilmore
57%
Bulls 2013 11 Joakim Noah
57%
SuperSonics 1991 10 Shawn Kemp
57%
Suns 2004 10 Amar'e Stoudemire
54%
Mavericks 1998 13 Shawn Bradley
54%
Nets 1996 12 Shawn Bradley
54%
Nets 1996 11 Shawn Bradley
54%
Nets 1996 11 Shawn Bradley
54%
Nets 1997 11 Shawn Bradley
54%
Nets 1996 10 Shawn Bradley
54%
Nets 1996 10 Shawn Bradley
54%
Nets 1996 10 Shawn Bradley
54%
Nets 1996 10 Shawn Bradley
54%
Mavericks 1997 10 Shawn Bradley
54%
Spurs 1981 13 George T. Johnson
51%
Nets 1978 12 George T. Johnson
51%
Warriors 1976 11 George T. Johnson
51%
Warriors 1976 10 George T. Johnson
51%
Nets 1977 10 George T. Johnson
51%
Nets 1980 10 George T. Johnson
51%
Raptors 1998 11 Marcus Camby
51%
Nuggets 2008 11 Marcus Camby
51%
Raptors 1998 10 Marcus Camby
51%
Nuggets 2007 10 Marcus Camby
51%
Rockets 1983 13 Ralph Sampson
51%
Lakers 2012 10 Andrew Bynum
49%
Bulls 1974 12 Nate Thurmond
46%
Pacers 2012 11 Roy Hibbert
46%
Hawks 1979 12 Wayne "Tree" Rollins
46%
Hawks 1982 11 Wayne "Tree" Rollins
46%
Hawks 1980 10 Wayne "Tree" Rollins
46%
Hawks 1982 10 Wayne "Tree" Rollins
46%
Hawks 1983 10 Wayne "Tree" Rollins
46%
Hawks 1983 10 Wayne "Tree" Rollins
46%
Hawks 1983 10 Wayne "Tree" Rollins
46%
Hawks 1983 10 Wayne "Tree" Rollins
46%
Jazz 2006 10 Andrei Kirilenko
43%
Cavaliers 1989 11 Larry Nance
43%
Suns 1988 10 Larry Nance
43%
Lakers 1973 17 Elmore Smith
37%
Lakers 1973 14 Elmore Smith
37%
Lakers 1973 14 Elmore Smith
37%
Lakers 1974 11 Elmore Smith
37%
Lakers 1973 10 Elmore Smith
37%
Lakers 1973 10 Elmore Smith
37%
Lakers 1975 10 Elmore Smith
37%
Jazz 1998 11 Greg Ostertag
37%
Hawks 2004 10 Josh Smith
37%
Warriors 1978 11 Robert Parish
34%
Bobcats 2007 10 Emeka Okafor
31%
Clippers 1988 10 Benoit Benjamin
29%
Clippers 1989 10 Benoit Benjamin
29%
Bullets 1990 10 Charles Jones
29%
Pistons 1981 10 Edgar Jones
29%
Wizards 2011 12 JaVale McGee
26%
Hornets 1997 12 Vlade Divac
23%
Nuggets 1988 10 Wayne Cooper
23%
Bucks 2012 10 Larry Sanders
20%
Nets 1983 13 Darryl Dawkins
17%
SuperSonics 2004 10 Calvin Booth
6%
76ers 1975 10 Harvey Catchings
6%
Raptors 2001 12 Keon Clark
6%
Jazz 1977 10 Joe Meriweather
3%
Knicks 1979 10 Joe Meriweather
3%
Jazz 1980 10 Ben Poquette
0%
No matching quizzes found
Score Distribution
Percent of People with Each Score
Percentile by Number Answered
Your Score History
You have not taken this quiz